Repostería (Registro nro. 3385)
[ vista simple ]
| 000 -CABECERA | |
|---|---|
| campo de control de longitud fija | 00747aam a2200277 4500 |
| 005 - FECHA Y HORA DE ACTUALIZACIÓN | |
| campo de control | 20161121121650.0 |
| 008 - LONGITUD FIJA | |
| campo de control de longitud fija | 150226b xxu||||| |||| 00| 0 eng d |
| 041 ## - IDIOMA | |
| Código de idioma del texto/pista de sonido o título separado | |
| 082 ## - CLASIFICACIÓN DECIMAL DEWEY | |
| Número de clasificación | 1.4.17 P893r |
| 100 ## - AUTOR PERSONAL | |
| Nombre de persona | Pozuelo Talavera, Juan |
| 100 ## - AUTOR PERSONAL | |
| Nombre de persona | Pérez Pérez, Miguel Angel |
| 245 ## - TÍTULO PROPIAMENTE DICHO | |
| Título | Repostería |
| 250 ## - EDICIÓN | |
| Mención de edición | 2 ed. |
| 260 ## - PIE DE IMPRENTA | |
| Lugar de publicación, distribución, etc. | España |
| Nombre del editor, distribuidor, etc. | Thomson |
| Fecha de publicación, distribución, etc. | 2006 |
| 300 ## - DESCRIPCIÓN FÍSICA | |
| Extensión | 213 páginas |
| 650 ## - Materia General | |
| Materia general | RECETAS DE COCINA |
| 650 ## - Materia General | |
| Materia general | REPOSTERÍA |
| 650 ## - Materia General | |
| Materia general | POSTRES |
| 650 ## - Materia General | |
| Materia general | POSTRES DE FRUTAS |
| 650 ## - Materia General | |
| Materia general | POSTRES DE CREMAS |
| 650 ## - Materia General | |
| Materia general | BATIDOS |
| 650 ## - Materia General | |
| Materia general | DECORACIÓN DE REPOSTERÍA |
| 650 ## - Materia General | |
| Materia general | HELADOS |
| 650 ## - Materia General | |
| Materia general | PANES |
| 942 ## - Punto de Acceso Adicional Koha | |
| Tipo de ítem Koha | Libro |
| Estado perdido | Estado dañado | No para préstamo | Biblioteca permanente | Biblioteca actual | Signatura completa | Código de barras | Precio efectivo a partir del | Tipo de ítem |
|---|---|---|---|---|---|---|---|---|
| Departamento de Biblioteca y Documentación Alfonso Chase Brenes | Departamento de Biblioteca y Documentación Alfonso Chase Brenes | 1.4.17 P893r | 12401 | 24/10/2016 | Libro |